00274nam a2200109Ia 4500008004100000041000800041082001500049100001000064245002800074260003800102300002400140240624s9999 xx 000 0 und d aeng a343.07 ICF aICFAI aECONOMIC LEGISLATION II c2006aHyderabadbICFAI University a468 : p. : cm. ; 26